Представление документа в формате MARC21

Поле Инд. ПП Название Значение
Тип записи a
Библиографический уровень m
001 Контрольный номер 7e89852e6b7d451ab4c2a2910c1d9d14
005 Дата корректировки 20171204115129.3
008 Кодируемые данные 150526|||||||||ru |||||||||||||||||rus||
020 a ISBN 978-5-9916-3998-9
041 0_ a Код языка текста rus
084 a Индекс другой классификации/Индекс ББК 65.428я7
090 a Полочн. индекс 65.428
x Авторский знак К 89
100 1_ a Автор Кузнецова Г. В.
245 10 a Заглавие Международная торговля товарами и услугами
b Продолж. заглавия учеб. для бакалавриата и магистратуры : учеб. для студентов высш. учеб. заведений, обучающихся по экон. направлениям и специальностям
c Ответственность Рос. экон. ун-т им. Г. В. Плеханова
260 a Место издания Москва
b Издательство Юрайт
c Дата издания 2015
300 a Объем 570, [1] с.
b Иллюстрации/ тип воспроизводства табл.
440 _0 a Серия Бакалавр и магистр. Академический курс
504 a Библиография Библиогр.: с. 565-571 и в подстроч. примеч.
583 x Служебное примечание Экон. специальности. ВПО
x Служебное примечание Кн. доступна в электрон. библ. системе biblio-online.ru
x Служебное примечание Соответствует ФГОС ВПО (четвертого поколения)
650 04 a Основная рубрика Международная торговля-Учебные издания для высших учебных заведений-Магистратура-Бакалавриат
653 0_ a Ключевые слова Внешнеэкономическая деятельность
a Ключевые слова Международная торговля
a Ключевые слова Международная торговля товарами
a Ключевые слова Международная торговля топливом
a Ключевые слова Международная торговля услугами
a Ключевые слова Мировой рынок машин и оборудования
a Ключевые слова Мировой рынок цветных металлов
a Ключевые слова Россия и Европейский Союз
a Ключевые слова Россия и Китай
a Ключевые слова Россия и США
a Ключевые слова Торговая политика
700 12 a Другие авторы Подбиралина Г. В.
901 t Тип документа m
952 b Гриф литературы для ВШ Рекомендовано Учеб.-метод. отд. высш. образования
c Вид литературы учебник